Statistiche per Dov'è la capitale sulla mappa del paese?

Clicka qui per fare il quiz!

Statistiche generali

  • Questo quiz è stato fatto 36 volte
  • Il punteggio medio è 9 su 15

Statistiche sulle risposte

DomandaRisposta% Corretto
Dov'è la capitale della Francia?
86%
Dov'è la capitale della Spagna?
81%
Dov'è la capitale degli Stati Uniti?
75%
Dov'è la capitale del Regno Unito?
75%
Dov'è la capitale della Turchia?
64%
Dov'è la capitale della Germania?
64%
Dov'è la capitale del Brasile?
64%
Dov'è la capitale della Svezia?
58%
Dov'è la capitale del Giappone?
58%
Dov'è la capitale dell'India?
56%
Dov'è la capitale dell'Australia?
50%
Dov'è la capitale della Cina?
47%
Dov'è la capitale dell'Egitto?
44%
Dov'è la capitale del Canada?
39%
Dov'è la capitale del Marocco?
28%

Distribuzione punteggi

Percentile per numero di risposta

Percentuale di utenti per punteggio

I tuoi punteggi nel tempo

Non hai fatto questo quiz